000 01686am a2200541a 44500
003 AR-BaBNM
005 20251128203949.0
008 298019s1992 #AR|||||||||||000 | spa||
020 _a84-7509-375-2
040 _cAR-BaBNM
100 1 _aWallin, John Edward Wallace.
245 1 0 _aEl niño deficiente físico, mental y emocional
250 _a2ª ed.
260 _aBuenos Aires
_bPaidós
_c1992
300 _a141 p.
490 0 _aPaidós educador
_vv. 72
650 4 _aPSICOLOGIA DEL NIÑO
650 4 _aEDUCACION DE SORDOS
650 4 _aDETECCION DE DEFICIENCIAS
650 4 _aENFERMEDADES DEL SISTEMA SENSORIAL
650 4 _aCEGUERA
650 4 _aDISLEXIA
650 4 _aZURDERA
650 4 _aTRASTORNOS DEL HABLA
650 4 _aEDUCACION ESPECIAL
650 4 _aDELINCUENCIA JUVENIL
650 4 _aPREVENCION DE LA DELINCUENCIA
650 4 _aDERECHOS DEL NIÑO
653 _aDISCAPACIDAD MOTORA
653 _aDISCAPACIDAD MENTAL
653 _aDISCAPACIDAD VISUAL
700 1 _aAngyal, Andras
_ecolaborador
700 1 _aBakwin, Harry
_ecolaborador
700 1 _aBakwin, Ruth Morris
_ecolaborador
700 1 _aDawe, Helen C.
_ecolaborador
700 1 _aGlueck, Bernard
_ecolaborador
700 1 _aHayes, Samuel Perkins
_ecolaborador
700 1 _aHeider, Fritz
_ecolaborador
700 1 _aMartín, Mabel Florence
_ecolaborador
700 1 _aMurray, Elsie
_ecolaborador
700 1 _aPortenier, Lilian G.
_ecolaborador
700 1 _aSanderson, Herbert
_ecolaborador
700 1 _aSteckel, Minnie L.
_ecolaborador
700 1 _aWinn, Ralph B.
_ecolaborador
700 1 _aGonzález, Clyde A.P. de
_etraductor
942 _cBK
998 _csilvi
999 _c5631
_d5631